MARC details
| 000 -CABECERA |
| campo de control de longitud fija |
02106nam a22003497a 4500 |
| 005 - FECHA Y HORA DE LA ÚLTIMA TRANSACCIÓN |
| campo de control |
20230302063546.0 |
| 008 - ELEMENTOS DE LONGITUD FIJA--INFORMACIÓN GENERAL |
| campo de control de longitud fija |
230209s2021 mx aoh|| |||| 00| 0 spa d |
| 020 ## - NÚMERO INTERNACIONAL NORMALIZADO PARA LIBROS |
| Número Internacional Estándar del Libro |
9786075492384 |
| 040 ## - FUENTE DE LA CATALOGACIÓN |
| Centro catalogador/agencia de origen |
MX-MxUPN |
| Lengua de catalogación |
spa |
| Centro/agencia transcriptor |
MX-MxUPN |
| 050 #4 - SIGNATURA TOPOGRÁFICA DE LA BIBLIOTECA DEL CONGRESO |
| Número de clasificación |
LA428.7 |
| Número de documento/Ítem |
C56 2019 |
| 245 02 - MENCIÓN DE TÍTULO |
| Título |
A 50 años del halconazo : |
| Resto del título |
10 de junio de 1971 / |
| Mención de responsabilidad, etc. |
compilación documental y notas de presentación, Camilo Vicente Ovalle [y otros seis] ; entrevistas realizadas por Alicia de los Ríos Merino, Alonso Getino Lima, Eunice Hernández Gómez, Gerardo Necoechea Gracia, Cyndi Lilibeth Pérez Ramírez ; selección y compilación, Víctor Jesús Gallegos Roberto [y otros seis] ; memoria, testimonio, rebeldía, Gerardo Necoechea Gracia. |
| 246 #3 - FORMA VARIANTE DE TÍTULO |
| Título propio/Titulo breve |
A cincuenta años del halconazo : |
| Resto del título |
10 de junio de 1971 |
| 250 ## - MENCIÓN DE EDICIÓN |
| Mención de edición |
Primera edición |
| 260 ## - PUBLICACIÓN, DISTRIBUCIÓN, ETC. |
| Lugar de publicación, distribución, etc. |
Ciudad de México, México : |
| Nombre del editor, distribuidor, etc. |
Instituto Nacional de Estudios Históricos de las Revoluciones de México : |
| -- |
Centro Cultural Universitario Tlatelolco : |
| -- |
Secretaría de Gobernación : |
| -- |
Secretaría de Cultura, |
| Fecha de publicación, distribución, etc. |
2021. |
| 300 ## - DESCRIPCIÓN FÍSICA |
| Extensión |
2 volúmenes : |
| Otras características físicas |
ilustraciones, facsímiles, fotografías en blanco y negro |
| 490 ## - MENCIÓN DE SERIE |
| Mención de serie |
Serie Antologías (INEHRM) |
| 505 0# - NOTA DE CONTENIDO CON FORMATO PREESTABLECIDO |
| Nota de contenido con formato |
vol.1 |
| Título |
Antología documental -- |
| 505 0# - NOTA DE CONTENIDO CON FORMATO PREESTABLECIDO |
| Información miscelánea |
vol.2 |
| Título |
Antología de testimonios |
| 650 #0 - ASIENTO SECUNDARIO DE MATERIA - TERMINO TEMATICO |
| 9 (RLIN) |
47811 |
| Término de materia o nombre geográfico como elemento de entrada |
Movimientos estudiantiles |
| Subdivisión geográfica |
Ciudad de México |
| Subdivisión cronológica |
Siglo XX |
| Subdivisión de forma |
Fuentes |
| 650 #0 - ASIENTO SECUNDARIO DE MATERIA - TERMINO TEMATICO |
| 9 (RLIN) |
47812 |
| Término de materia o nombre geográfico como elemento de entrada |
Movimientos estudiantiles |
| Subdivisión geográfica |
Ciudad de México |
| Subdivisión cronológica |
Siglo XX |
| Subdivisión de forma |
Narraciones personales |
| 650 #2 - ASIENTO SECUNDARIO DE MATERIA - TERMINO TEMATICO |
| Término de materia o nombre geográfico como elemento de entrada |
Estudiantes |
| Subdivisión general |
Actividad política |
| Subdivisión geográfica |
Ciudad de México |
| Subdivisión general |
Historia |
| Subdivisión cronológica |
Siglo XX |
| 9 (RLIN) |
27247 |
| 700 1# - ASIENTO SECUNDARIO--NOMBRE DE PERSONAL |
| Nombre de persona |
Vicente Ovalle, Camilo |
| Término indicativo de función/relación |
compilador |
| 9 (RLIN) |
47813 |
| 700 1# - ASIENTO SECUNDARIO--NOMBRE DE PERSONAL |
| Nombre de persona |
Ríos Merino, Alicia de los |
| Término indicativo de función/relación |
entrevistadora |
| 9 (RLIN) |
47814 |
| 700 1# - ASIENTO SECUNDARIO--NOMBRE DE PERSONAL |
| Nombre de persona |
Getino Lima, Alonso |
| Término indicativo de función/relación |
entrevistador |
| 9 (RLIN) |
47815 |
| 700 1# - ASIENTO SECUNDARIO--NOMBRE DE PERSONAL |
| Nombre de persona |
Hernández Gómez, Eunice |
| Término indicativo de función/relación |
entrevistadora |
| 9 (RLIN) |
47816 |
| 700 1# - ASIENTO SECUNDARIO--NOMBRE DE PERSONAL |
| Nombre de persona |
Necoechea Gracia, Gerardo |
| Término indicativo de función/relación |
entrevistador |
| 9 (RLIN) |
47817 |
| 700 1# - ASIENTO SECUNDARIO--NOMBRE DE PERSONAL |
| Nombre de persona |
Pérez Ramírez, Cyndi Lilibeth |
| Término indicativo de función/relación |
entrevistador |
| 9 (RLIN) |
47818 |
| 700 1# - ASIENTO SECUNDARIO--NOMBRE DE PERSONAL |
| Nombre de persona |
Gallegos Roberto, Víctor Jesús |
| Término indicativo de función/relación |
compilador |
| 9 (RLIN) |
47819 |
| 902 ## - ELEMENTOS DE DATOS B LOCAL, LDB (RLIN) |
| Creó |
GabrielCapula/090223 |
| Modificó |
NoemiAcosta/140223 |
| 942 ## - ELEMENTOS DE PUNTO DE ACCESO ADICIONAL (KOHA) |
| Fuente del sistema de clasificación o colocación |
Library of Congress Classification |
| Tipo de ítem Koha |
Libro |
| Suprimir en OPAC |
No |